000 00489nam a2200169Ia 4500
003 GCL
008 140319s9999 xx 000 0 eng d
040 _aGCL /
_cGCL
082 0 4 _a746.773
_bR N
100 1 _aROSSESTIEL, HALENE V.
245 1 0 _aAMERICAN RUGS AND CARPETS: FROM SEVENTEENTH CENTURY TO MODERN TIMES /
_cROSSESTIEL, HALENE V.
260 _a[S.N] :
_bWILLIAM MARROW AND COMPANY,INC ،
_c1978
300 _a142 P P
650 0 4 _aCARPETS
650 0 4 _aRUGS
942 _2ddc
_cBK
999 _c17665
_d17665